| 000 | 00477cam a22001217a 4500 | ||
|---|---|---|---|
| 008 | 180718b1965 xxu||||| |||| 00| 0 eng d | ||
| 082 | _aA81x54 In2/61/15/PT7/A7 | ||
| 100 | _aCensus of India 1961 | ||
| 245 | _aUttar Pradesh: handicrafts survey monograph, silk textiles industry with special reference to Mubarakpur, Azamgarh | ||
| 260 |
_aDelhi _bThe Manager of Publications _c1965 |
||
| 300 | _a30+p. | ||
| 440 | _aCensus of India 1961. Volume XV, Uttar Pradesh. Part VII A. No.7 | ||
| 999 |
_c484334 _d484334 |
||